What are acceleration costs? (Record no. 117279)
[ view plain ]
| 000 -LEADER | |
|---|---|
| fixed length control field | 01365cam a2200217 4500 |
| 001 - CONTROL NUMBER | |
| control field | ABS67690 |
| 008 - FIXED-LENGTH DATA ELEMENTS--GENERAL INFORMATION | |
| fixed length control field | 040429n2004 000 0 eng u |
| 035 ## - SYSTEM CONTROL NUMBER | |
| System control number | (Sirsi) u126072 |
| 100 ## - MAIN ENTRY--PERSONAL NAME | |
| Personal name | Tweeddale, A. |
| 245 ## - TITLE STATEMENT | |
| Title | What are acceleration costs? |
| 260 ## - PUBLICATION, DISTRIBUTION, ETC. | |
| Date of publication, distribution, etc. | 2004 |
| 490 ## - SERIES STATEMENT | |
| Series statement | Construction Law Journal |
| Volume/sequential designation | 20(3) 2004, 115-122(8) |
| 520 ## - SUMMARY, ETC. | |
| Summary, etc. | Defines acceleration costs as the costs incurred by a contractor in mitigating a delaying event or the costs incurred in completing the works earlier than the contract completion date. Explains acceleration costs can take the form o: f increased men-hours; increased material and equipment; and the expense of employing different working methods. Looks at each of these in turn and the reasons for acceleration, using cases as support. Concludes not all costs incurred by the contractor are recoverable as accelerated costs, as some actions by the contractor will clearly give rise to additional costs in completing the project, while others may only amount to administrative costs. They are very difficult to plead and claim as they are generally linked with a loss of efficiency which can be hard to quantify. |
| 590 ## - LOCAL NOTE (RLIN) | |
| Local note | ABS |
| 590 ## - LOCAL NOTE (RLIN) | |
| Local note | ABS |
| 650 ## - SUBJECT ADDED ENTRY--TOPICAL TERM | |
| Topical term or geographic name entry element | ACCELERATION COSTS |
| 650 ## - SUBJECT ADDED ENTRY--TOPICAL TERM | |
| Topical term or geographic name entry element | BUILDING CONTRACTORS |
| 650 ## - SUBJECT ADDED ENTRY--TOPICAL TERM | |
| Topical term or geographic name entry element | BUILDING CONTRACTS |
| 690 ## - LOCAL SUBJECT ADDED ENTRY--TOPICAL TERM (OCLC, RLIN) | |
| Topical term or geographic name as entry element | BUILDING AND CONSTRUCTION-COSTS |
| 942 ## - ADDED ENTRY ELEMENTS (KOHA) | |
| Suppress in OPAC | 0 |
| Withdrawn status | Lost status | Source of classification or shelving scheme | Damaged status | Not for loan | Home library | Current library | Shelving location | Date acquired | Total Checkouts | Full call number | Barcode | Date last seen | Copy number | Price effective from | Koha item type |
|---|---|---|---|---|---|---|---|---|---|---|---|---|---|---|---|
| Dewey Decimal Classification | London | London | Journal article | 29/04/2004 | ABS67690 | 126072-1001 | 06/08/2019 | 1 | 06/08/2019 | Journal article |